El toque de Midas: por qué algunos empresarios se hacen ricos, pero la mayoría no
Uloženo v:
| Hlavní autor: | |
|---|---|
| Další autoři: | |
| Médium: | Kniha |
| Jazyk: | španělština |
| Vydáno: |
Cuernavaca
Santillana Ediciones Generales
2012
|
| Témata: | |
| Tagy: |
Přidat tag
Žádné tagy, Buďte první, kdo vytvoří štítek k tomuto záznamu!
|
MARC
| LEADER | 00000cam a2200000 a 4500 | ||
|---|---|---|---|
| 001 | UCF4302 | ||
| 003 | CL-VaPUC | ||
| 008 | 121130e20120000MX |||||||||||||||||spa|d | ||
| 020 | |a 9786071117021 | ||
| 082 | 0 | 4 | |a 650.12 |b TRU |2 21 |
| 100 | 0 | |a Trump, Donald J |e author |9 565806 | |
| 700 | |a Kiyosaki, Robert T |e autor |9 565807 | ||
| 245 | 1 | 3 | |a El toque de Midas: por qué algunos empresarios se hacen ricos, pero la mayoría no |
| 300 | |a 263 p | ||
| 942 | |c BK | ||
| 945 | |d 20121130 00:00:00 |a dcastane | ||
| 260 | |a Cuernavaca |b Santillana Ediciones Generales |c 2012 | ||
| 650 | 7 | |a EXITO |2 CL-VaPUC |9 310745 | |
| 650 | 0 | |a Exito en los negocios |9 271740 | |
| 650 | 0 | |a Negocios |9 262468 | |
| 650 | 0 | |a Finanzas |9 260832 | |
| 650 | 0 | |a Administración |9 259325 | |
| 583 | |a last modification |c 20121130 23:21:00 |k Rodrigo Vera | ||
| 999 | |c 350120 |d 350118 | ||
| 952 | |0 0 |1 0 |4 0 |6 650_120000000000000_TRU_2012 |7 0 |8 A |9 453266 |a BIBENE |b BIBENE |d 2019-11-22 |i 4923073 |l 2 |o 650.12 TRU 2012 |p 4923073 |r 2025-01-15 |s 2022-08-11 |w 2019-11-22 |y BK |k ICO | ||